Music Quiz

Random Music or Lyrics Quiz

Lyrics: 'End of the Road' by Boyz II Men Quiz Stats

 Plays Quiz not verified by Sporcle

Score 0/258 Timer 10:00
0 Plays Today
% Correct
And
100%
you
100%
you
100%
you
100%
you
100%
and
100%
and
100%
I
100%
you
100%
I
100%
I
100%
and
100%
and
100%
the
100%
the
100%
I
100%
You
100%
I
100%
you
100%
I
100%
you
100%
You
100%
you
100%
You
100%
and
100%
I
100%
you
100%
you
100%
I
100%
you
100%
And
100%
the
100%
the
100%
I
100%
You
100%
I
100%
you
100%
And
100%
the
100%
the
100%
I
100%
You
100%
I
100%
you
100%
the
100%
the
100%
I
100%
You
100%
I
100%
you
100%
do
96.4%
do
96.4%
to
96.4%
end
96.4%
of
96.4%
road
96.4%
to
96.4%
to
96.4%
to
96.4%
to
96.4%
to
96.4%
end
96.4%
of
96.4%
road
96.4%
to
96.4%
to
96.4%
to
96.4%
to
96.4%
end
96.4%
of
96.4%
road
96.4%
to
96.4%
to
96.4%
to
96.4%
end
96.4%
of
96.4%
road
96.4%
to
96.4%
to
96.4%
belong
92.9%
We
92.9%
together
92.9%
know
92.9%
be
92.9%
me
92.9%
me
92.9%
% Correct
be
92.9%
go
92.9%
It's
92.9%
belong
92.9%
me
92.9%
belong
92.9%
know
92.9%
me
92.9%
It's
92.9%
We
92.9%
be
92.9%
together
92.9%
me
92.9%
me
92.9%
me
92.9%
me
92.9%
go
92.9%
It's
92.9%
belong
92.9%
me
92.9%
belong
92.9%
me
92.9%
go
92.9%
It's
92.9%
belong
92.9%
me
92.9%
belong
92.9%
go
92.9%
It's
92.9%
belong
92.9%
me
92.9%
belong
92.9%
that
89.3%
can't
89.3%
in
89.3%
come
89.3%
can't
89.3%
let
89.3%
unnatural
89.3%
Can
89.3%
come
89.3%
let
89.3%
come
89.3%
can't
89.3%
let
89.3%
unnatural
89.3%
come
89.3%
let
89.3%
come
89.3%
can't
89.3%
let
89.3%
unnatural
89.3%
Come
89.3%
can't
89.3%
let
89.3%
unnatural
89.3%
my
85.7%
my
85.7%
love
85.7%
my
85.7%
love
85.7%
don't
85.7%
love
85.7%
love
85.7%
my
85.7%
don't
85.7%
my
85.7%
don't
85.7%
never
82.1%
How
82.1%
never
82.1%
time
82.1%
just
82.1%
down
82.1%
we've
82.1%
just
82.1%
never
82.1%
time
82.1%
This
82.1%
time
82.1%
This
82.1%
time
82.1%
just
82.1%
just
82.1%
down
82.1%
we've
82.1%
% Correct
time
82.1%
This
82.1%
just
82.1%
just
82.1%
down
82.1%
we've
82.1%
with
78.6%
with
78.6%
leave
78.6%
break
78.6%
cry
78.6%
oh
78.6%
I'm
75%
right
75%
heart
75%
forever
75%
could
75%
Say
75%
goodbye
75%
at
75%
night
75%
I'd
75%
Still
75%
forever
75%
Still
75%
Still
75%
Still
75%
Why
71.4%
play
71.4%
Why
71.4%
play
71.4%
sleep
71.4%
without
71.4%
Girl
71.4%
head
71.4%
Girl
71.4%
your
71.4%
you'll
71.4%
want
71.4%
mind
67.9%
we'd
67.9%
holding
67.9%
tight
67.9%
each
67.9%
try
67.9%
Pain
67.9%
rather
67.9%
dead
67.9%
there
67.9%
before
67.9%
try
67.9%
like
67.9%
before
67.9%
baby
67.9%
baby
67.9%
Said
64.3%
Said
64.3%
You've
64.3%
been
64.3%
only
64.3%
first
64.3%
should
64.3%
happy
64.3%
again
64.3%
loved
64.3%
more
64.3%
Although
60.7%
much
60.7%
Although
60.7%
Although
60.7%
die
57.1%
bed
57.1%
bed
57.1%
Spinnin'
53.6%
really
53.6%
realize
53.6%
I'll
53.6%
it'd
50%
When
50%
Maybe
46.4%
Maybe
46.4%
round
42.9%
round
42.9%
forgive
42.9%
instead
32.1%
instead
32.1%

You're not logged in!

Compare scores with friends on all Sporcle quizzes.
OR
Log In

Show Comments

Extras

Top Quizzes Today


Score Distribution

Your Account Isn't Verified!

In order to create a playlist on Sporcle, you need to verify the email address you used during registration. Go to your Sporcle Settings to finish the process.

Report this User

Report this user for behavior that violates our Community Guidelines.

Details: